[Event "Murmansk ChessMates 4th"]
[Site "Murmansk"]
[Date "2020.03.15"]
[Round "5.1"]
[White "Abbasov, Aziz"]
[Black "Blokhin, Sofia"]
[Result "1/2-1/2"]
[WhiteElo "1478"]
[BlackElo "1854"]
[PlyCount "84"]
[EventDate "2020.03.13"]
[EventType "team-tourn"]
[EventRounds "5"]
[EventCountry "RUS"]
[SourceTitle "CBM 195 Extra"]
[Source "ChessBase"]
[SourceDate "2020.05.31"]
[SourceVersion "1"]
[SourceVersionDate "2020.05.31"]
[SourceQuality "1"]
[WhiteTeam "Novorossiysk"]
[BlackTeam "Estonia Maletaht"]
[WhiteTeamCountry "RUS"]
[BlackTeamCountry "EST"]

1. b3 d5 2. Bb2 e6 3. e3 Nf6 4. Nf3 Be7 5. Be2 b6 6. d4 Bb7 7. 0-0 0-0 8. c4 Nbd7 9. Nbd2 c5 10. Rc1 a6 11. Ne5 dxc4 12. Ndxc4 Nxe5 13. Nxe5 Nd5 14. Bd3 cxd4 15. exd4 Nf4 16. f3 Bg5 17. Rb1 Nd5 18. Re1 Be3+ 19. Kh1 Qh4 20. g3 Qh5 21. Ng4 Qxg4 22. Be4 Qg5 23. Qd3 Bf2 24. Re2 Nb4 25. Qc4 Bxe4 26. fxe4 Qf6 27. Kg2 Bxg3 28. hxg3 Qe7 29. Bc3 a5 30. a3 Rac8 31. Bxb4 axb4 32. Qxb4 Qxb4 33. axb4 Rfd8 34. Rd2 Kf8 35. Rd3 Rc2+ 36. Kf3 f5 37. exf5 exf5 38. Rh1 Kg8 39. Kf4 Rd5 40. Re1 Rf2+ 41. Ke3 Rb2 42. Kf4 Rf2+ 1/2-1/2